00229nam a2200073Ia 4500008004100000082001300041100003000054245007100084240331s9999 xx 000 0 und d a016bHUM aCente for human study. ed 0aUnion list of human right periodicals in eight Sri Lanka libraries